| 000 | 00885cam a2200241 4500 | ||
|---|---|---|---|
| 001 | WB3712-38 | ||
| 008 | 000000n2001 000 0 eng u | ||
| 035 | _a(Sirsi) u111546 | ||
| 245 | _aNew role for waterways | ||
| 260 | _c2001 | ||
| 490 |
_aDETR News Release _v(144) 19 March 2001, (3) |
||
| 520 | _aThe role of inland waterways in rural and urban regeneration has been spelled out by a government minister who called on the delegates present at the "Waterways for Tomorrow" conference to share ideas and build partnerships between their organisations to maximise the benefits offered by rivers and canals. | ||
| 590 | _aWB | ||
| 650 | _aCANALS | ||
| 650 | _aINLAND WATERWAYS | ||
| 650 | _aRIVERS | ||
| 650 | _aRURAL REGENERATION | ||
| 650 | _aURBAN REGENERATION | ||
| 650 | _aWATERWAYS | ||
| 650 | _aWATERWAYS FOR TOMORROW | ||
| 690 | _aREGENERATION | ||
| 942 | _n0 | ||
| 999 |
_c66475 _d66475 |
||